Statistiques concernant Trouver le chanteur / la chanteuse (par rapport au titre d'une chanson)

Cliquez ici pour prendre le quiz!

Statistiques générales

  • Ce quiz a été pris 3 846 fois
  • Le résultat moyen est 12 sur 22

Statistiques - réponses

ChansonArtiste% Correct
Alors on danseStromae
96%
DiamondsRihanna
89%
Pour que tu m'aimes encore..Céline Dion
81%
Bad RomanceLady Gaga
81%
Someone Like YouAdèle
78%
HappyPharell Williams
72%
Fous ta cagouleMichael Youn
71%
WomanizerBritney Spears
59%
Savoir aimerFlorent Pagny
59%
MarieJohnny Hallyday
55%
One More TimeDaft Punk
52%
Hips Don't LieShakira
51%
La Isla BonitaMadonna
45%
Pourvu qu'elles soient doucesMylène Farmer
43%
SeulGarou
40%
Axel FCrazy Frog
36%
Love is GoneDavid Guetta
31%
Hey ohTragédie
30%
Can You Feel the Love TonightElton John
29%
Les Valses de VienneFrançois Feldman
25%
OKLMBooba
23%
You Are Not AloneMichael Jackson
23%

Distribution des résultats

Percentile par nombre de réponses

% des personnes avec chaque résultat

Votre développement - résultats

Vous n’avez pas pris ce quiz